| 000 | 00639nam a2200157 a 4500 | ||
|---|---|---|---|
| 008 | 080328s1993 ||||||||||||||||| || u | ||
| 050 | _aIBRD(08)DP | ||
| 100 | _aWiesner D., Eduado | ||
| 245 | 1 | 0 | _aFrom macroeconomic correction to public sector reform:the critical role of evaluation |
| 260 |
_aWashington, D.C. _bWorld Bank _c1993 |
||
| 300 | _axi, 43p. :ill. | ||
| 350 | _a0.00 | ||
| 490 | _aWorld Bank Duscussion Papers | ||
| 650 | _aDEVELOPING COUNTRIES--ECONOMIC POLICY | ||
| 995 |
_D0.00 _FCBU-MAIN LIBRARY (Kitwe) _H1 _I0.00 _M1 _UAVAILABLE _WMar 28, 2008 _ZInternational Publications |
||
| 999 |
_c44035 _d44035 |
||